000 01114nam a2200301 a 4500
005 20160111041204.0
008 140304t2000 ck abo gr|||| 001 0 spa d
020 _a9589663931
040 _aCO-BoIAVH
_cCO-BoIAVH
041 0 _aspa
044 _ack
082 0 4 _a582.16
_bT68a2
100 1 _aToro Murillo, Juan Lázaro
_eAutor
245 1 _aÁrboles y arbustos del Parque Regional Arví /
_cJuan Lázaro Toro Murillo
250 _aPrimera Edición
260 _aMedellín :
_bCorporación Autónoma Regional del Centro de Antioquía ,
_c2000.
300 _a282 páginas :
_bIlustraciones, fotografías ;
_c21 x 14 cm.
650 0 6 _aArboles
_x Clasificación
_z Antioquia (Colombia)
650 0 6 _aArbustos
_x Clasificación
_z Antioquia (Colombia)
650 0 6 _aGimnospermas
650 0 6 _aAngiospermas
_xClasificación
_zColombia
650 0 6 _aMonocotiledoneas
650 0 6 _aDicotiledoneas
650 0 6 _aNomenclatura
_xArboles
650 0 6 _aInventarios
_xArboles
662 _aColombia
_cParque Regional Arví
_bAntioquia
942 _cLIBRO
_2ddc
999 _c2078
_d2078